[Event "Titled Tuesday intern op 16th Apr Late"]
[Site "Chess.com INT"]
[Date "2024.04.16"]
[Round "3"]
[White "Arias Igual, Alejandro"]
[Black "Papaioannou, Dimitrios1"]
[Result "0-1"]
[WhiteElo "2283"]
[BlackElo "1991"]
[PlyCount "98"]
[EventDate "2024.04.16"]
[EventType "swiss (blitz)"]
[EventRounds "11"]
[EventCountry "USA"]
[SourceTitle "CB17_2024"]
[SourceDate "2024.04.24"]
[SourceVersion "1"]
[SourceVersionDate "2024.04.24"]
[SourceQuality "1"]

1. e3 Nf6 2. Nf3 b6 3. d4 Bb7 4. Bd3 d6 5. c4 Nbd7 6. 0-0 e5 7. Be2 g6 8. Nc3 Bg7 9. Re1 0-0 10. Qc2 a5 11. b3 Qe7 12. Bb2 Rae8 13. a3 Nh5 14. Nd5 Qd8 15. b4 f5 16. bxa5 bxa5 17. Bc3 c6 18. dxe5 dxe5 19. Qd2 cxd5 20. Bxa5 Qa8 21. cxd5 Nhf6 22. Bb4 Rf7 23. Ng5 Ne4 24. Nxe4 fxe4 25. Red1 h5 26. Bb5 Rd8 27. a4 Nf6 28. a5 Rxd5 29. Qe2 Ng4 30. Be1 Rxd1 31. Rxd1 Bf8 32. Bc4 Nh6 33. Rd7 Bc6 34. Rxf7 Nxf7 35. Qa2 Be8 36. a6 Bc5 37. Bc3 Kg7 38. h3 Qa7 39. Bxf7 Bxf7 40. Bxe5+ Kg8 41. Qb2 Qxa6 42. Qb8+ Bf8 43. Qd8 Qe6 44. Bd4 Qd6 45. Qa5 Bd5 46. Qd2 Qa6 47. Qc3 Bd6 48. Bh8 Qb7 49. Qd4 Qb1+ 0-1

[Event "Titled Tuesday intern op 16th Apr Late"]
[Site "Chess.com INT"]
[Date "2024.04.16"]
[Round "2"]
[White "Mirza, Diana"]
[Black "Arias Igual, Alejandro"]
[Result "0-1"]
[WhiteElo "1956"]
[BlackElo "2283"]
[PlyCount "94"]
[EventDate "2024.04.16"]
[EventType "swiss (blitz)"]
[EventRounds "11"]
[EventCountry "USA"]
[SourceTitle "CB17_2024"]
[SourceDate "2024.04.24"]
[SourceVersion "1"]
[SourceVersionDate "2024.04.24"]
[SourceQuality "1"]

1. d3 d5 2. e4 d4 3. f4 c5 4. Nf3 Nc6 5. g3 e6 6. Bg2 Nf6 7. 0-0 Be7 8. b3 0-0 9. Bb2 Qc7 10. Nbd2 b6 11. e5 Nd5 12. Ne4 Ne3 13. Qe2 Nxf1 14. Rxf1 Bb7 15. Nfg5 h6 16. Nh3 Nb4 17. a3 Nd5 18. g4 Ne3 19. Rf3 Bxe4 20. dxe4 Rad8 21. Nf2 Qc6 22. Rg3 Bh4 23. Rh3 Bxf2+ 24. Kxf2 b5 25. g5 c4 26. gxh6 g6 27. h7+ Kh8 28. f5 exf5 29. Rxe3 dxe3+ 30. Qxe3 Kxh7 31. Qh3+ Kg8 32. e6 f6 33. e7 Qc5+ 34. Ke1 Qxe7 35. bxc4 fxe4 36. cxb5 e3 37. Qh6 Qg7 38. Qf4 e2 39. Kxe2 Rfe8+ 40. Kf2 Qe7 41. Qc4+ Kg7 42. Bd4 Qe1+ 43. Kf3 Qd1+ 44. Kg3 Qxd4 45. Qxd4 Rxd4 46. Bc6 Rd6 47. c4 Re3+ 0-1

[Event "Guardamar Esphouses op 1st"]
[Site "Guardamar del Segura"]
[Date "2023.09.08"]
[Round "7"]
[White "Arias Igual, Alejandro"]
[Black "Ibarra Jerez, Juan Miguel"]
[Result "1/2-1/2"]
[WhiteElo "2276"]
[BlackElo "2198"]
[PlyCount "75"]
[EventDate "2023.09.04"]
[EventType "swiss"]
[EventRounds "9"]
[EventCountry "ESP"]
[SourceTitle "EXT 2024"]
[Source "ChessBase"]
[SourceDate "2023.10.10"]
[SourceVersion "1"]
[SourceVersionDate "2023.10.10"]
[SourceQuality "1"]

1. e4 d6 2. d4 Nf6 3. Nc3 g6 4. Nf3 Bg7 5. Be2 0-0 6. 0-0 c6 7. a4 Qc7 8. h3 Nbd7 9. Be3 e5 10. dxe5 dxe5 11. Bc4 Re8 12. Ng5 Re7 13. a5 Nf8 14. Bc5 Rd7 15. Qe2 h6 16. Nf3 Ne8 17. Qe3 Qb8 18. Bb3 Nc7 19. Bxf8 Kxf8 20. Rad1 Ne6 21. Bxe6 Rxd1 22. Rxd1 Bxe6 23. Na4 Qc7 24. Nc5 Bc8 25. Qc3 b6 26. Nd3 Be6 27. Qa3+ Kg8 28. axb6 Qxb6 29. Ndxe5 a5 30. b3 a4 31. bxa4 c5 32. Nd3 Qc6 33. Qxc5 Qxe4 34. Qd6 Bf5 35. Nde5 Rxa4 36. Qd8+ Kh7 37. Nxf7 Qxc2 38. N7g5+ 1/2-1/2

[Event "Guardamar Esphouses op 1st"]
[Site "Guardamar del Segura"]
[Date "2023.09.06"]
[Round "4"]
[White "Arias Igual, Alejandro"]
[Black "Moya Albaladejo, Jose Antonio"]
[Result "1-0"]
[WhiteElo "2276"]
[BlackElo "1847"]
[PlyCount "59"]
[EventDate "2023.09.04"]
[EventType "swiss"]
[EventRounds "9"]
[EventCountry "ESP"]
[SourceTitle "EXT 2024"]
[Source "ChessBase"]
[SourceDate "2023.10.10"]
[SourceVersion "1"]
[SourceVersionDate "2023.10.10"]
[SourceQuality "1"]

1. e4 e5 2. Nf3 Nc6 3. Bb5 a6 4. Bxc6 dxc6 5. Nc3 Bc5 6. d3 Qd6 7. Be3 Bxe3 8. fxe3 c5 9. Qd2 Ne7 10. 0-0-0 0-0 11. Kb1 b5 12. Qf2 b4 13. Ne2 a5 14. d4 exd4 15. exd4 c4 16. d5 Ng6 17. Qd4 c5 18. e5 Qb6 19. Qxc4 a4 20. Ng3 Ba6 21. Qe4 c4 22. Qd4 Qa5 23. h4 b3 24. cxb3 axb3 25. a3 Rfc8 26. Ne2 c3 27. Nxc3 Rc4 28. Qe3 Rac8 29. Rc1 Nf4 30. Nd2 1-0

[Event "Titled Tuesday intern op 29th Aug Early"]
[Site "Chess.com INT"]
[Date "2023.08.29"]
[Round "6"]
[White "Arias Igual, Alejandro"]
[Black "Chor, Kevin"]
[Result "0-1"]
[WhiteElo "2296"]
[BlackElo "1944"]
[PlyCount "46"]
[EventDate "2023.08.29"]
[EventType "swiss (blitz)"]
[EventRounds "11"]
[EventCountry "USA"]
[SourceTitle "EXT 2024"]
[Source "ChessBase"]
[SourceDate "2023.10.10"]
[SourceVersion "1"]
[SourceVersionDate "2023.10.10"]
[SourceQuality "1"]

1. e4 c5 2. Nf3 Nc6 3. Bb5 Qb6 4. Bxc6 Qxc6 5. Nc3 e6 6. 0-0 Nf6 7. e5 Nd5 8. Ne4 Be7 9. d3 0-0 10. c4 Nc7 11. Bg5 f6 12. exf6 gxf6 13. Bf4 d5 14. Nc3 e5 15. cxd5 Nxd5 16. Bh6 Rf7 17. Qe2 Bg4 18. Qe4 Be6 19. Nh4 f5 20. Nxf5 Rxf5 21. Qg4+ Rg5 22. Nxd5 Qxd5 23. Qh4 Qxg2# 0-1

[Event "Titled Tuesday intern op 29th Aug Early"]
[Site "Chess.com INT"]
[Date "2023.08.29"]
[Round "3"]
[White "Arias Igual, Alejandro"]
[Black "Hirneise, Jens"]
[Result "1-0"]
[WhiteElo "2296"]
[BlackElo "2277"]
[PlyCount "57"]
[EventDate "2023.08.29"]
[EventType "swiss (blitz)"]
[EventRounds "11"]
[EventCountry "USA"]
[SourceTitle "EXT 2024"]
[Source "ChessBase"]
[SourceDate "2023.10.10"]
[SourceVersion "1"]
[SourceVersionDate "2023.10.10"]
[SourceQuality "1"]

1. e4 c5 2. Nf3 e6 3. g3 Nc6 4. Bg2 d5 5. exd5 exd5 6. d4 Nf6 7. 0-0 Be7 8. dxc5 0-0 9. Nc3 Bxc5 10. Bg5 d4 11. Ne4 Be7 12. Bxf6 Bxf6 13. Ne1 Re8 14. Nd3 Bf5 15. Nec5 Qb6 16. Qf3 Bxd3 17. Nxd3 Re7 18. Rfe1 Rae8 19. Rxe7 Rxe7 20. h4 Ne5 21. Nxe5 Qxb2 22. Re1 Rxe5 23. Rxe5 Bxe5 24. Qf5 Bd6 25. Bd5 h6 26. Qxf7+ Kh7 27. Be4+ Kh8 28. Qe8+ Bf8 29. Qxf8# 1-0

[Event "Titled Tuesday intern op 29th Aug Early"]
[Site "Chess.com INT"]
[Date "2023.08.29"]
[Round "2"]
[White "Miszler, Levente"]
[Black "Arias Igual, Alejandro"]
[Result "1-0"]
[WhiteElo "2315"]
[BlackElo "2296"]
[PlyCount "97"]
[EventDate "2023.08.29"]
[EventType "swiss (blitz)"]
[EventRounds "11"]
[EventCountry "USA"]
[SourceTitle "EXT 2024"]
[Source "ChessBase"]
[SourceDate "2023.10.10"]
[SourceVersion "1"]
[SourceVersionDate "2023.10.10"]
[SourceQuality "1"]

1. Nf3 d5 2. c4 e6 3. g3 c5 4. cxd5 exd5 5. Bg2 Nc6 6. 0-0 Nf6 7. b3 Be7 8. Bb2 0-0 9. d4 Re8 10. dxc5 Bxc5 11. Nc3 Bg4 12. Na4 Bf8 13. Nd4 Nxd4 14. Qxd4 Bxe2 15. Rfe1 Bh5 16. Qh4 Rxe1+ 17. Rxe1 Bg6 18. Bxf6 gxf6 19. Rd1 Rc8 20. Bxd5 Qe7 21. Qf4 Rc2 22. Bc4 a6 23. Nb6 Rxa2 24. Nd5 Qc5 25. Nxf6+ Kg7 26. Nd7 Qf5 27. Qd4+ Kh6 28. Nxf8 Bh5 29. Re1 Bf3 30. Nd7 Bc6 31. Qf6+ Qxf6 32. Nxf6 Rb2 33. Ng4+ Kg5 34. Ne5 Be8 35. Bxf7 Bxf7 36. Nxf7+ Kf6 37. Nd6 Rxb3 38. h4 a5 39. Ra1 b6 40. Nc4 Ke6 41. Nxb6 Rxb6 42. Rxa5 Kf6 43. Rg5 h6 44. Rg8 Kf7 45. Rg4 Rb3 46. Kg2 Kf6 47. h5 Kf7 48. Rg6 Rb5 49. Rxh6 1-0

[Event "Titled Tuesday intern op 29th Aug Early"]
[Site "Chess.com INT"]
[Date "2023.08.29"]
[Round "8"]
[White "Rosh, Jain"]
[Black "Arias Igual, Alejandro"]
[Result "1-0"]
[WhiteElo "2248"]
[BlackElo "2296"]
[PlyCount "45"]
[EventDate "2023.08.29"]
[EventType "swiss (blitz)"]
[EventRounds "11"]
[EventCountry "USA"]
[SourceTitle "EXT 2024"]
[Source "ChessBase"]
[SourceDate "2023.10.10"]
[SourceVersion "1"]
[SourceVersionDate "2023.10.10"]
[SourceQuality "1"]

1. e4 c5 2. Nc3 Nc6 3. f4 g6 4. Nf3 Bg7 5. a4 e6 6. Bb5 Nge7 7. e5 d6 8. Ne4 dxe5 9. fxe5 0-0 10. Nf6+ Kh8 11. d4 cxd4 12. Bg5 Qa5+ 13. Kf2 a6 14. h4 h5 15. g4 axb5 16. gxh5 Qc7 17. hxg6 fxg6 18. h5 Bxf6 19. Bxf6+ Kg8 20. h6 Nxe5 21. h7+ Kf7 22. Bxe5 Ke8 23. Bxc7 1-0

[Event "Titled Tuesday intern op 22nd Aug Late"]
[Site "Chess.com INT"]
[Date "2023.08.22"]
[Round "8"]
[White "Arias Igual, Alejandro"]
[Black "Haitin, Ilja"]
[Result "0-1"]
[WhiteElo "2296"]
[BlackElo "2284"]
[PlyCount "68"]
[EventDate "2023.08.22"]
[EventType "swiss (blitz)"]
[EventRounds "11"]
[EventCountry "USA"]
[SourceTitle "EXT 2024"]
[Source "ChessBase"]
[SourceDate "2023.10.10"]
[SourceVersion "1"]
[SourceVersionDate "2023.10.10"]
[SourceQuality "1"]

1. e4 e6 2. d4 d5 3. Bd3 dxe4 4. Bxe4 Nf6 5. Bf3 Bd6 6. c4 0-0 7. Nc3 c5 8. dxc5 Bxc5 9. Qxd8 Rxd8 10. a3 e5 11. Bg5 Be7 12. Nge2 Nc6 13. Bxc6 bxc6 14. 0-0 h6 15. Bxf6 Bxf6 16. Ng3 Rb8 17. Rab1 Rd2 18. Na4 Be6 19. Ne4 Rd4 20. Nxf6+ gxf6 21. b3 Rd2 22. Nc5 Ra2 23. a4 Rd2 24. Rfd1 Rxd1+ 25. Rxd1 Kf8 26. f3 Ke7 27. Kf2 Bf5 28. Rd2 h5 29. h4 Rg8 30. a5 Bc8 31. Ke3 f5 32. b4 f4+ 33. Ke4 Kf6 34. b5 Bf5# 0-1

[Event "Titled Tuesday intern op 01st Aug Late"]
[Site "Chess.com INT"]
[Date "2023.08.01"]
[Round "1"]
[White "Arias Igual, Alejandro"]
[Black "Ambartsumova, Karina"]
[Result "0-1"]
[WhiteElo "2296"]
[BlackElo "2393"]
[PlyCount "120"]
[EventDate "2023.08.01"]
[EventType "swiss (blitz)"]
[EventRounds "11"]
[EventCountry "USA"]
[SourceTitle "EXT 2024"]
[Source "ChessBase"]
[SourceDate "2023.10.10"]
[SourceVersion "1"]
[SourceVersionDate "2023.10.10"]
[SourceQuality "1"]

1. Nf3 Nf6 2. g3 g6 3. Bg2 Bg7 4. 0-0 0-0 5. d3 d5 6. Nbd2 c5 7. e4 Nc6 8. c3 e5 9. Re1 Re8 10. exd5 Nxd5 11. a4 Be6 12. Nc4 Qc7 13. Ne3 Rad8 14. Qc2 Nxe3 15. Bxe3 Bf5 16. Bxc5 Bxd3 17. Qc1 e4 18. Nd2 f5 19. Nf1 Ne5 20. Bd4 Bxf1 21. Bxe5 Bxe5 22. Bxf1 Rd6 23. Qe3 a6 24. Rad1 Red8 25. Rxd6 Qxd6 26. Bc4+ Kg7 27. Bb3 Bf6 28. Rd1 Qe5 29. Rxd8 Bxd8 30. Qd4 Qxd4 31. cxd4 Bf6 32. Bd5 b6 33. Bb7 a5 34. b3 Bxd4 35. Kg2 Kf6 36. h4 h6 37. Kf1 g5 38. hxg5+ hxg5 39. Ke2 Ke5 40. Bc8 Bc5 41. Bd7 f4 42. gxf4+ gxf4 43. f3 exf3+ 44. Kxf3 Be3 45. Bb5 Kd4 46. Bc4 Kc3 47. Bd5 Kd2 48. Bc4 Kc3 49. Be6 Kb4 50. Bc4 b5 51. Be6 bxa4 52. bxa4 Kxa4 53. Bd5 Kb4 54. Ke2 Kc3 55. Bc6 Bb6 56. Bd7 Kb3 57. Kf3 Bc7 58. Be6+ Kb4 59. Bd5 a4 60. Ke2 Kc3 0-1

[Event "Titled Tuesday intern op 01st Aug Late"]
[Site "Chess.com INT"]
[Date "2023.08.01"]
[Round "10"]
[White "Kanyamarala, Trisha"]
[Black "Arias Igual, Alejandro"]
[Result "1-0"]
[WhiteElo "2344"]
[BlackElo "2296"]
[PlyCount "119"]
[EventDate "2023.08.01"]
[EventType "swiss (blitz)"]
[EventRounds "11"]
[EventCountry "USA"]
[SourceTitle "EXT 2024"]
[Source "ChessBase"]
[SourceDate "2023.10.10"]
[SourceVersion "1"]
[SourceVersionDate "2023.10.10"]
[SourceQuality "1"]

1. c4 e6 2. Nc3 d5 3. e3 Nf6 4. Nf3 Be7 5. b3 c5 6. Bb2 Nc6 7. cxd5 exd5 8. d4 0-0 9. Bd3 cxd4 10. exd4 Bg4 11. Be2 Re8 12. 0-0 Bb4 13. Ne5 Bxe2 14. Nxe2 Ne4 15. f3 Nd6 16. Ng3 f6 17. Ng4 Qd7 18. Qd3 Ne7 19. a3 Ba5 20. Nh5 Qf5 21. Nhxf6+ Kh8 22. Qxf5 Nexf5 23. Nxe8 Rxe8 24. Ne5 Bb6 25. Kh1 Nxd4 26. Rfe1 Nc2 27. Nf7+ Kg8 28. Rxe8+ Nxe8 29. Rc1 Nxa3 30. Bxa3 Kxf7 31. Rc8 Nf6 32. Rb8 Ke6 33. Rxb7 g5 34. Bb2 Nd7 35. g4 Kd6 36. Bc1 h6 37. h4 Kc6 38. Rxd7 Kxd7 39. hxg5 hxg5 40. Bxg5 Ke6 41. Kg2 Ba5 42. Kf2 d4 43. Ke2 Ke5 44. Kd3 Bb4 45. Bh6 Kd5 46. Bg7 Bd6 47. Bxd4 a6 48. Be3 Ke5 49. f4+ Ke6 50. Ke4 Bb4 51. f5+ Kf7 52. g5 Bf8 53. Bd4 Bd6 54. g6+ Kf8 55. f6 Bg3 56. Kf5 Bc7 57. Ke6 Ba5 58. g7+ Kg8 59. f7+ Kh7 60. g8Q+ 1-0

[Event "Titled Tuesday intern op 18th Jul Late"]
[Site "Chess.com INT"]
[Date "2023.07.18"]
[Round "2"]
[White "Yeritsyan, Hayk"]
[Black "Arias Igual, Alejandro"]
[Result "1-0"]
[WhiteElo "2181"]
[BlackElo "2296"]
[PlyCount "69"]
[EventDate "2023.07.18"]
[EventType "swiss (blitz)"]
[EventRounds "11"]
[EventCountry "USA"]
[SourceTitle "EXT 2024"]
[Source "ChessBase"]
[SourceDate "2023.10.10"]
[SourceVersion "1"]
[SourceVersionDate "2023.10.10"]
[SourceQuality "1"]

1. d4 d5 2. Nf3 e6 3. e3 Nf6 4. Bd3 c5 5. c3 Nc6 6. Nbd2 Be7 7. Qe2 0-0 8. 0-0 Qc7 9. dxc5 Bxc5 10. e4 dxe4 11. Nxe4 Nxe4 12. Qxe4 f5 13. Qe2 Bd7 14. Re1 Rae8 15. Bc4 Kh8 16. b4 Bd6 17. Bb2 Be7 18. Rad1 Bc8 19. Bb3 Bf6 20. a3 Qf4 21. c4 Bxb2 22. Qxb2 e5 23. Qd2 Qg4 24. h3 Qh5 25. b5 e4 26. Nd4 Nxd4 27. Qxd4 f4 28. Rxe4 Rxe4 29. Qxe4 f3 30. Qe7 Rg8 31. Rd8 h6 32. c5 Rxd8 33. Qxd8+ Kh7 34. Qg8+ Kg6 35. Bf7+ 1-0

[Event "Titled Tuesday intern op 20th Jun Late"]
[Site "Chess.com INT"]
[Date "2023.06.20"]
[Round "3"]
[White "Arias Igual, Alejandro"]
[Black "Thiel, Thomas"]
[Result "1-0"]
[WhiteElo "2296"]
[BlackElo "2215"]
[PlyCount "81"]
[EventDate "2023.06.20"]
[EventType "swiss (blitz)"]
[EventRounds "11"]
[EventCountry "USA"]
[SourceTitle "EXT 2024"]
[Source "ChessBase"]
[SourceDate "2023.10.10"]
[SourceVersion "1"]
[SourceVersionDate "2023.10.10"]
[SourceQuality "1"]

1. e4 d5 2. d3 dxe4 3. dxe4 Qxd1+ 4. Kxd1 Nc6 5. c3 e5 6. Bc4 Bc5 7. f3 Bd7 8. a4 f6 9. b4 Bd6 10. Be3 0-0-0 11. Kc2 f5 12. Nd2 Nf6 13. h3 fxe4 14. Nxe4 Nxe4 15. fxe4 Be8 16. Nf3 Bg6 17. Nd2 a6 18. b5 Na5 19. Be2 axb5 20. axb5 b6 21. c4 Nb7 22. Ra8+ Kd7 23. Bg4+ Ke7 24. Bg5+ Kf7 25. Bxd8 Rxd8 26. Rf1+ Ke7 27. Rxd8 Nxd8 28. Bf5 Ne6 29. Bxg6 hxg6 30. g3 Bb4 31. Nb3 Bc5 32. Kd3 Bd4 33. Nxd4 Nxd4 34. Ra1 Ne6 35. h4 g5 36. h5 g4 37. Ra8 Kf7 38. Rh8 Kf6 39. h6 gxh6 40. Rxh6+ Ke7 41. Rg6 1-0

[Event "Titled Tuesday intern op 20th Jun Late"]
[Site "Chess.com INT"]
[Date "2023.06.20"]
[Round "2"]
[White "Goryachkina, Aleksandra"]
[Black "Arias Igual, Alejandro"]
[Result "1-0"]
[WhiteElo "2557"]
[BlackElo "2296"]
[PlyCount "79"]
[EventDate "2023.06.20"]
[EventType "swiss (blitz)"]
[EventRounds "11"]
[EventCountry "USA"]
[SourceTitle "EXT 2024"]
[Source "ChessBase"]
[SourceDate "2023.10.10"]
[SourceVersion "1"]
[SourceVersionDate "2023.10.10"]
[SourceQuality "1"]

1. e4 c5 2. Nf3 g6 3. g3 Bg7 4. Bg2 Nc6 5. 0-0 e6 6. c3 Nge7 7. d4 cxd4 8. cxd4 d5 9. e5 0-0 10. Nc3 Rb8 11. Bf4 b5 12. Qd2 Nf5 13. Rfd1 a5 14. h4 f6 15. exf6 Bxf6 16. Bxb8 Nxb8 17. Nxb5 Bd7 18. Nc3 Nc6 19. Ne2 Nd6 20. Rac1 Qb6 21. b3 Bg7 22. Qe3 Ne7 23. Qc3 Rc8 24. Qb2 Rf8 25. Qa3 Nef5 26. Qc5 Qb8 27. Qc7 Qe8 28. Qxa5 Ne4 29. Qc7 Bb5 30. Nf4 Nfxg3 31. fxg3 Nxg3 32. Re1 Rxf4 33. Qxf4 Ne2+ 34. Rxe2 Bxe2 35. Re1 Bd3 36. Bh3 Be4 37. Rxe4 dxe4 38. Qxe4 Qd8 39. Qxe6+ Kh8 40. Qc8 1-0

[Event "Titled Tuesday intern op 13th Jun Late"]
[Site "Chess.com INT"]
[Date "2023.06.13"]
[Round "7"]
[White "Arias Igual, Alejandro"]
[Black "Girsh, Daniel"]
[Result "0-1"]
[WhiteElo "2296"]
[BlackElo "2123"]
[PlyCount "106"]
[EventDate "2023.06.13"]
[EventType "swiss (blitz)"]
[EventRounds "11"]
[EventCountry "USA"]
[SourceTitle "EXT 2024"]
[Source "ChessBase"]
[SourceDate "2023.10.10"]
[SourceVersion "1"]
[SourceVersionDate "2023.10.10"]
[SourceQuality "1"]

1. e4 c6 2. d4 d5 3. exd5 cxd5 4. Bd3 Nc6 5. c3 Qc7 6. h3 Nf6 7. Nf3 g6 8. 0-0 Bg7 9. Re1 0-0 10. Nbd2 Bf5 11. Be2 Ne4 12. Nh4 Rac8 13. Nxf5 gxf5 14. Nf3 Rfd8 15. Bf1 e5 16. dxe5 Nxe5 17. Nd4 Qb6 18. Qb3 Qg6 19. Bf4 Nc5 20. Qc2 Re8 21. Qxf5 Nf3+ 22. Kh1 Nxe1 23. Rxe1 Bxd4 24. Qxg6+ hxg6 25. Rxe8+ Rxe8 26. cxd4 Re1 27. Kg1 Nd3 28. Bd2 Rd1 29. Bc3 Nc1 30. f3 Ne2+ 31. Kf2 Nxc3 32. bxc3 Rc1 33. Ke3 Rxc3+ 34. Kf4 f6 35. Bb5 Kf7 36. h4 Ra3 37. g4 Rxa2 38. g5 fxg5+ 39. hxg5 a6 40. Bd3 Ra3 41. Bc2 Rc3 42. Bb1 a5 43. Ba2 Ke6 44. Bb1 Kf7 45. Ba2 a4 46. Bxd5+ Ke7 47. Bxb7 a3 48. Bd5 Rc2 49. Ke5 Re2+ 50. Kf4 Kd6 51. Bf7 a2 52. Bxa2 Rxa2 53. Ke3 Kd5 0-1

[Event "Titled Tuesday intern op 13th Jun Late"]
[Site "Chess.com INT"]
[Date "2023.06.13"]
[Round "6"]
[White "Koutlas, Nikolaos"]
[Black "Arias Igual, Alejandro"]
[Result "0-1"]
[WhiteElo "2341"]
[BlackElo "2296"]
[PlyCount "60"]
[EventDate "2023.06.13"]
[EventType "swiss (blitz)"]
[EventRounds "11"]
[EventCountry "USA"]
[SourceTitle "EXT 2024"]
[Source "ChessBase"]
[SourceDate "2023.10.10"]
[SourceVersion "1"]
[SourceVersionDate "2023.10.10"]
[SourceQuality "1"]

1. Nf3 d5 2. g3 e6 3. Bg2 Nf6 4. 0-0 Be7 5. c3 0-0 6. b4 a5 7. b5 c5 8. bxc6 Nxc6 9. Ba3 e5 10. d3 Re8 11. Bxe7 Qxe7 12. Nfd2 Bg4 13. c4 d4 14. Ne4 Nxe4 15. Bxe4 f5 16. Bg2 e4 17. dxe4 fxe4 18. Nd2 d3 19. f3 Bh5 20. exd3 exd3 21. Ne4 Rad8 22. Re1 Kh8 23. c5 Nb4 24. Nd6 Qxe1+ 25. Qxe1 Rxe1+ 26. Rxe1 Nxa2 27. Nxb7 d2 28. Rd1 Nc3 29. Nxd8 Nxd1 30. c6 Ne3 0-1

[Event "Titled Tuesday intern op 06th Jun Late"]
[Site "Chess.com INT"]
[Date "2023.06.06"]
[Round "9"]
[White "Arias Igual, Alejandro"]
[Black "Lopez Mulet, Inigo"]
[Result "0-1"]
[WhiteElo "2296"]
[BlackElo "2404"]
[PlyCount "56"]
[EventDate "2023.06.06"]
[EventType "swiss (blitz)"]
[EventRounds "11"]
[EventCountry "USA"]
[SourceTitle "EXT 2024"]
[Source "ChessBase"]
[SourceDate "2023.10.10"]
[SourceVersion "1"]
[SourceVersionDate "2023.10.10"]
[SourceQuality "1"]

1. e4 b6 2. d4 Bb7 3. Bd3 e6 4. Nf3 c5 5. c3 cxd4 6. cxd4 Nf6 7. Qe2 d5 8. e5 Ne4 9. 0-0 Be7 10. Nbd2 Nxd2 11. Bxd2 Nc6 12. a3 h6 13. Rac1 Rc8 14. Bb1 Qd7 15. Rfe1 a6 16. b4 b5 17. Rc3 Na7 18. Rec1 Rc4 19. Bd3 Rxc3 20. Rxc3 Nc8 21. Ne1 Nb6 22. Nc2 Nc4 23. Bc1 0-0 24. Ne3 Rc8 25. Nxc4 dxc4 26. Bb1 Qxd4 27. Qc2 Be4 28. Qb2 Qd1# 0-1

[Event "Titled Tuesday intern op 23rd May Late"]
[Site "Chess.com INT"]
[Date "2023.05.23"]
[Round "1"]
[White "Arias Igual, Alejandro"]
[Black "Keleberda, Timur"]
[Result "0-1"]
[WhiteElo "2296"]
[BlackElo "2287"]
[PlyCount "114"]
[EventDate "2023.05.23"]
[EventType "swiss (blitz)"]
[EventRounds "11"]
[EventCountry "USA"]
[SourceTitle "EXT 2024"]
[Source "ChessBase"]
[SourceDate "2023.10.10"]
[SourceVersion "1"]
[SourceVersionDate "2023.10.10"]
[SourceQuality "1"]

1. e4 c5 2. Nf3 d6 3. Bb5+ Nd7 4. a4 a6 5. Be2 g6 6. Nc3 Bg7 7. 0-0 b6 8. d3 Ngf6 9. h3 Bb7 10. Be3 0-0 11. Re1 e5 12. Qd2 d5 13. exd5 Nxd5 14. Bh6 Nxc3 15. bxc3 Qc7 16. Bxg7 Kxg7 17. Rab1 Rad8 18. Qe3 h6 19. Nd2 Rfe8 20. Bf3 e4 21. dxe4 Ne5 22. Be2 Qd7 23. Rxb6 Re7 24. Nf3 Qxa4 25. Qxc5 Nxf3+ 26. Bxf3 Rdd7 27. Rb3 Qa2 28. Bg4 f5 29. exf5 Rxe1+ 30. Kh2 Rde7 31. Qd4+ Kg8 32. fxg6 Qxc2 33. Rxb7 Rxb7 34. Qd5+ Kg7 35. Qxb7+ Kxg6 36. Qc6+ Kg7 37. Qd7+ Kf6 38. Qd4+ Kg6 39. Qd6+ Kf7 40. Qf4+ Kg7 41. Qd4+ Kf8 42. Qd8+ Kf7 43. Qd5+ Ke8 44. Bh5+ Ke7 45. Qc5+ Kf6 46. Qd4+ Ke7 47. Qc5+ Kd7 48. Bg4+ Ke8 49. Qc6+ Kf7 50. Qxh6 Qxf2 51. Qh5+ Ke7 52. Qg5+ Kd6 53. Qg6+ Kc5 54. Qg5+ Kb6 55. Qg6+ Ka5 56. Qd3 Qg1+ 57. Kg3 Re3+ 0-1

[Event "Titled Tuesday intern op 16th May Late"]
[Site "Chess.com INT"]
[Date "2023.05.16"]
[Round "5"]
[White "Arias Igual, Alejandro"]
[Black "Jovic, Stanoje"]
[Result "1-0"]
[WhiteElo "2296"]
[BlackElo "2075"]
[PlyCount "109"]
[EventDate "2023.05.16"]
[EventType "swiss (blitz)"]
[EventRounds "11"]
[EventCountry "USA"]
[SourceTitle "CBM 214 Extra"]
[Source "ChessBase"]
[SourceDate "2023.07.31"]
[SourceVersion "1"]
[SourceVersionDate "2023.07.31"]
[SourceQuality "1"]

1. e4 c6 2. d4 d5 3. exd5 cxd5 4. Bd3 Nc6 5. c3 e5 6. dxe5 Nxe5 7. Nf3 Nxd3+ 8. Qxd3 Nf6 9. Be3 Be7 10. Nbd2 0-0 11. 0-0 a5 12. Rad1 a4 13. h3 Qa5 14. Rfe1 Re8 15. Bd4 Bd7 16. Ne5 Bb5 17. Qg3 Ra6 18. Nef3 Re6 19. Rxe6 fxe6 20. Re1 Qa6 21. Ng5 Bd7 22. Qc7 Qc6 23. Qg3 h6 24. Ngf3 Rf8 25. Ne5 Qc8 26. Ng6 Qe8 27. Nxf8 Qxf8 28. Qc7 Qc8 29. Qxc8+ Bxc8 30. f3 Kf7 31. Nf1 Nd7 32. Bf2 e5 33. Rd1 Nf6 34. Ne3 Be6 35. Bg3 e4 36. fxe4 dxe4 37. Bf2 Bxa2 38. Rd4 b5 39. Rd2 Bb3 40. Nf5 Bf8 41. Nd6+ Bxd6 42. Rxd6 Nd5 43. Bd4 g6 44. Rd7+ Ke6 45. Rg7 Kf5 46. Kf2 h5 47. Rb7 Bc4 48. Rf7+ Ke6 49. Rf8 e3+ 50. Bxe3 Nf6 51. Rb8 Ne4+ 52. Ke1 Ng3 53. Bf2 Ne4 54. Rb6+ Kf5 55. Be3 1-0